[Event "NCA-ch final"]
[Site "Managua"]
[Date "2022.03.07"]
[Round "4"]
[White "Carranza Narvaez, Sergio Ivan"]
[Black "Salazar Cabezas, Alberto Javier"]
[Result "1-0"]
[WhiteElo "1931"]
[BlackElo "2162"]
[PlyCount "101"]
[EventDate "2022.03.05"]
[EventType "tourn"]
[EventRounds "11"]
[EventCountry "NCA"]
[SourceTitle "EXT 2023"]
[Source "ChessBase"]
[SourceDate "2022.10.05"]
[SourceVersion "1"]
[SourceVersionDate "2022.10.05"]
[SourceQuality "1"]

1. d4 Nf6 2. Nf3 d5 3. Bf4 c5 4. e3 Nc6 5. Nbd2 Qb6 6. dxc5 Qxb2 7. Rb1 Qc3 8. Bb5 e6 9. 0-0 Qxc5 10. c4 Bd7 11. Nb3 Qe7 12. Nbd4 Nxd4 13. exd4 Bxb5 14. Rxb5 Ne4 15. Qb3 dxc4 16. Qxc4 Qd7 17. d5 Nd6 18. Bxd6 Bxd6 19. dxe6 fxe6 20. Ng5 Rc8 21. Qb3 Rc6 22. Nxe6 Bxh2+ 23. Kxh2 Qxe6 24. Rxb7 Qxb3 25. axb3 0-0 26. Rxa7 Rc2 27. f3 h5 28. Rd1 Rf6 29. Kh3 Rg6 30. Rg1 Rb2 31. Rb7 Rf6 32. Rd1 Rg6 33. g3 Kh7 34. Rd5 Kh6 35. Rbb5 Rc6 36. Rxh5+ Kg6 37. Rhg5+ Kh6 38. f4 Rb1 39. Rh5+ Kg6 40. Kg4 Rg1 41. Rhg5+ Kf7 42. Rb7+ Kf8 43. Ra5 Kg8 44. Rg5 Kf8 45. Rgxg7 Rc3 46. Kf5 Rc5+ 47. Ke4 Re1+ 48. Kd4 Rc2 49. Rbf7+ Ke8 50. Rc7 Rd2+ 51. Kc3 1-0

[Event "NCA-ch sf"]
[Site "Managua"]
[Date "2022.02.19"]
[Round "4"]
[White "Carranza Narvaez, Sergio Ivan"]
[Black "Rios, Edgard"]
[Result "1/2-1/2"]
[WhiteElo "1910"]
[BlackElo "1776"]
[PlyCount "39"]
[EventDate "2022.02.12"]
[EventType "swiss"]
[EventRounds "9"]
[EventCountry "NCA"]
[SourceTitle "EXT 2023"]
[Source "ChessBase"]
[SourceDate "2022.10.05"]
[SourceVersion "1"]
[SourceVersionDate "2022.10.05"]
[SourceQuality "1"]

1. d4 Nf6 2. Bf4 b6 3. Nf3 Bb7 4. e3 e6 5. Nbd2 d6 6. Bd3 Be7 7. c3 Nbd7 8. Qc2 c5 9. 0-0 Rc8 10. h3 Qc7 11. Rad1 cxd4 12. exd4 Nd5 13. Bh2 Nb4 14. Qb1 Nxd3 15. Qxd3 Nf6 16. Rfe1 0-0 17. Ng5 Qc6 18. Nge4 Nxe4 19. Qxe4 Qxe4 20. Nxe4 1/2-1/2

[Event "Managua Muniz Memorial 3rd"]
[Site "Managua"]
[Date "2021.03.06"]
[Round "1"]
[White "Carranza Narvaez, Sergio Ivan"]
[Black "Berrios, Natanael"]
[Result "1-0"]
[WhiteElo "1941"]
[BlackElo "1842"]
[PlyCount "77"]
[EventDate "2021.03.06"]
[EventType "tourn"]
[EventRounds "9"]
[EventCountry "NCA"]
[SourceTitle "EXT 2022"]
[Source "ChessBase"]
[SourceDate "2021.10.06"]
[SourceVersion "1"]
[SourceVersionDate "2021.10.06"]
[SourceQuality "1"]

1. d4 Nf6 2. Nf3 g6 3. Bf4 d6 4. e3 Bg7 5. Be2 Nbd7 6. 0-0 0-0 7. c3 b6 8. Nbd2 Bb7 9. Qc2 Re8 10. Nc4 a5 11. a4 Ne4 12. Rfd1 Ndf6 13. Ng5 Nxg5 14. Bxg5 Ne4 15. Bh4 Nf6 16. f3 Bh6 17. Bf2 Ba6 18. Na3 Bxe2 19. Qxe2 e5 20. e4 Nh5 21. g3 Qd7 22. Kg2 exd4 23. cxd4 Qe7 24. Be3 Bxe3 25. Qxe3 c5 26. dxc5 dxc5 27. Nc4 Rab8 28. Rd2 Ng7 29. Re1 Red8 30. f4 Ne6 31. Rxd8+ Qxd8 32. Ne5 Qe8 33. f5 Nd4 34. Ng4 Qxa4 35. fxg6 fxg6 36. Qg5 Qc2+ 37. Kh3 Rf8 38. Qd5+ Kg7 39. Qe5+ 1-0

[Event "NCA-ch sf"]
[Site "Managua"]
[Date "2020.02.09"]
[Round "3"]
[White "Berrios, Natanael"]
[Black "Carranza Narvaez, Sergio Ivan"]
[Result "1-0"]
[WhiteElo "1840"]
[BlackElo "1934"]
[PlyCount "77"]
[EventDate "2020.02.08"]
[EventType "swiss"]
[EventRounds "9"]
[EventCountry "NCA"]
[SourceTitle "EXT 2021"]
[Source "ChessBase"]
[SourceDate "2020.10.23"]
[SourceVersion "1"]
[SourceVersionDate "2020.10.23"]
[SourceQuality "1"]

1. e4 d6 2. d4 g6 3. f4 Bg7 4. Nf3 c5 5. d5 Qc7 6. Be2 Nf6 7. Nc3 a6 8. a4 Nbd7 9. h3 Rb8 10. Be3 Nh5 11. Kf2 Nhf6 12. g4 Nf8 13. g5 Ng8 14. h4 Bg4 15. Nd2 Bxe2 16. Qxe2 Nd7 17. h5 Qb6 18. Nc4 Qc7 19. h6 Bd4 20. Qd3 Bxe3+ 21. Nxe3 f6 22. Rag1 fxg5 23. Rxg5 Ngf6 24. Qe2 b5 25. axb5 axb5 26. Qf3 Rf8 27. Kg2 c4 28. Ne2 Qc5 29. c3 Nh5 30. Rhxh5 gxh5 31. Nd4 Nf6 32. Ne6 Qa7 33. Nxf8 Kxf8 34. e5 dxe5 35. fxe5 Rb6 36. d6 Qb7 37. Qxb7 Rxb7 38. exf6 exf6 39. Rg7 1-0

[Event "NCA-chT final"]
[Site "Managua"]
[Date "2019.11.03"]
[Round "5.3"]
[White "Avalos, Carlos"]
[Black "Carranza Narvaez, Sergio Ivan"]
[Result "1/2-1/2"]
[WhiteElo "1867"]
[BlackElo "1948"]
[PlyCount "81"]
[EventDate "2019.10.26"]
[EventType "team-tourn"]
[EventRounds "11"]
[EventCountry "NCA"]
[SourceTitle "EXT 2021"]
[Source "ChessBase"]
[SourceDate "2020.10.23"]
[SourceVersion "1"]
[SourceVersionDate "2020.10.23"]
[SourceQuality "1"]
[WhiteTeam "Nicaragua CC"]
[BlackTeam "Ramirez de Arellano Academia"]
[WhiteTeamCountry "NCA"]
[BlackTeamCountry "NCA"]

1. d4 Nf6 2. Nc3 g6 3. Bf4 Bg7 4. e4 d6 5. Qd2 Nbd7 6. f3 c6 7. 0-0-0 Qa5 8. Bh6 0-0 9. g4 b5 10. Bxg7 Kxg7 11. h4 b4 12. Nb1 h5 13. Bh3 Nb6 14. a3 bxa3 15. Qxa5 axb2+ 16. Kxb2 Nc4+ 17. Ka1 Nxa5 18. e5 Nd5 19. gxh5 Ne3 20. Rd2 Nac4 21. Re2 Rb8 22. Rhh2 Rb5 23. c3 Bxh3 24. Nxh3 Rfb8 25. Na3 Nxa3 26. Rxe3 Rb1+ 27. Ka2 Nc4 28. Ree2 a5 29. exd6 exd6 30. hxg6 R1b3 31. Ka1 Rxc3 32. gxf7 Rbb3 33. Rhg2+ Kf8 34. Rg1 Ra3+ 35. Ra2 Rxa2+ 36. Kxa2 Ra3+ 37. Kb1 Kxf7 38. h5 Rb3+ 39. Kc2 Rb8 40. Kd3 d5 41. Rg6 1/2-1/2

[Event "Managua Muniz Memorial 2nd"]
[Site "Managua"]
[Date "2019.04.07"]
[Round "6"]
[White "Vallecillo, Saul"]
[Black "Carranza Narvaez, Sergio Ivan"]
[Result "1-0"]
[WhiteElo "1879"]
[BlackElo "1944"]
[PlyCount "39"]
[EventDate "2019.03.30"]
[EventType "tourn"]
[EventRounds "9"]
[EventCountry "NCA"]
[SourceTitle "CBM 190 Extra"]
[Source "ChessBase"]
[SourceDate "2019.07.15"]
[SourceVersion "1"]
[SourceVersionDate "2019.07.15"]
[SourceQuality "1"]

1. e4 d6 2. d4 g6 3. f4 Bg7 4. Nc3 c6 5. Nf3 Nf6 6. Bd3 Qc7 7. 0-0 Nbd7 8. e5 Nd5 9. Nxd5 cxd5 10. c3 Nb6 11. Qe2 Bg4 12. h3 Bxf3 13. Bb5+ Nd7 14. Rxf3 e6 15. exd6 Qxd6 16. f5 gxf5 17. Rxf5 a6 18. Bd3 Qe7 19. Rg5 Bh6 20. Rh5 1-0

[Event "NCA-ch 2nd phase"]
[Site "Managua"]
[Date "2019.02.02"]
[Round "7"]
[White "Salazar Cabezas, Alberto Javier"]
[Black "Carranza Narvaez, Sergio Ivan"]
[Result "1/2-1/2"]
[WhiteElo "1799"]
[BlackElo "1961"]
[PlyCount "103"]
[EventDate "2019.01.19"]
[EventType "swiss"]
[EventRounds "9"]
[EventCountry "NCA"]
[SourceTitle "CBM 189 Extra"]
[Source "ChessBase"]
[SourceDate "2019.06.03"]
[SourceVersion "1"]
[SourceVersionDate "2019.06.03"]
[SourceQuality "1"]

1. d4 d5 2. Nf3 Nf6 3. e3 Bg4 4. Be2 e6 5. Nbd2 Nbd7 6. 0-0 Bd6 7. b3 0-0 8. Bb2 c6 9. c4 Rc8 10. c5 Bb8 11. b4 Re8 12. a4 h6 13. Re1 Qc7 14. Nf1 Ne4 15. N3d2 Nxd2 16. Qxd2 Bxe2 17. Qxe2 e5 18. Qd2 e4 19. b5 Re6 20. Bc3 Rg6 21. Ba5 b6 22. cxb6 axb6 23. Bb4 Qd8 24. Rec1 Qg5 25. g3 c5 26. Bc3 c4 27. a5 Bc7 28. axb6 Bxb6 29. Ra6 Qd8 30. Rca1 Nf8 31. Rb1 Ne6 32. Kh1 Ng5 33. Ba5 Bxa5 34. Qxa5 Qxa5 35. Rxa5 Rb6 36. g4 Rcb8 37. Ng3 g6 38. Ne2 Nf3 39. Nc3 Nd2 40. Rb2 Nb3 41. Ra6 Kg7 42. Rxb6 Rxb6 43. Nxd5 Rxb5 44. Nc3 Ra5 45. Nxe4 Ra8 46. Kg2 Rc8 47. d5 Na5 48. d6 c3 49. d7 cxb2 50. dxc8Q b1Q 51. Qc3+ Kf8 52. Qc8+ 1/2-1/2

[Event "NCA-ch 2nd phase"]
[Site "Managua"]
[Date "2019.01.26"]
[Round "4"]
[White "Carranza Narvaez, Sergio Ivan"]
[Black "Ferrufino, Michelle"]
[Result "1-0"]
[WhiteElo "1961"]
[BlackElo "1760"]
[PlyCount "91"]
[EventDate "2019.01.19"]
[EventType "swiss"]
[EventRounds "9"]
[EventCountry "NCA"]
[SourceTitle "CBM 189 Extra"]
[Source "ChessBase"]
[SourceDate "2019.06.03"]
[SourceVersion "1"]
[SourceVersionDate "2019.06.03"]
[SourceQuality "1"]

1. e4 c5 2. Nc3 Nc6 3. Bb5 Nd4 4. a4 a6 5. Bc4 e6 6. f4 g6 7. d3 Bg7 8. Nf3 Ne7 9. 0-0 0-0 10. e5 d5 11. exd6 Nef5 12. Ne4 b6 13. c3 Nc6 14. Bb3 Bb7 15. Bc2 Nxd6 16. Be3 Nf5 17. Bf2 Qc7 18. g3 Rad8 19. Qe2 h5 20. Nfg5 Nce7 21. Rae1 Nh6 22. a5 Qc6 23. Nf3 h4 24. axb6 Rd5 25. Nxh4 Rfd8 26. Nf3 Rh5 27. Kg2 Ng4 28. Bg1 Qd5 29. h3 Nf6 30. g4 Rh7 31. Nxc5 Bc6 32. Nxa6 Nh5 33. Be3 Bb7 34. Nb4 Qa5 35. Kh2 Nf6 36. Kg3 Ned5 37. Nxd5 Nxd5 38. Ng5 Nxe3 39. Qxe3 Rh8 40. Nxf7 Re8 41. Nxh8 Kxh8 42. Bb3 Qb5 43. Bxe6 Qxb2 44. Rf2 Qxc3 45. f5 Qc5 46. Qxc5 1-0

[Event "NCA-ch 2nd phase"]
[Site "Managua"]
[Date "2019.01.19"]
[Round "1"]
[White "Granados Lopez, Fidel"]
[Black "Carranza Narvaez, Sergio Ivan"]
[Result "1/2-1/2"]
[WhiteElo "1761"]
[BlackElo "1961"]
[PlyCount "104"]
[EventDate "2019.01.19"]
[EventType "swiss"]
[EventRounds "9"]
[EventCountry "NCA"]
[SourceTitle "CBM 189 Extra"]
[Source "ChessBase"]
[SourceDate "2019.06.03"]
[SourceVersion "1"]
[SourceVersionDate "2019.06.03"]
[SourceQuality "1"]

1. e4 d6 2. d4 g6 3. Be3 Bg7 4. Qd2 b6 5. Nc3 Ba6 6. Nge2 Nd7 7. 0-0-0 c5 8. g4 Rc8 9. f4 Ngf6 10. Bh3 Bb7 11. Ng3 h6 12. e5 Nd5 13. Nxd5 Bxd5 14. Bg2 Bxg2 15. Qxg2 cxd4 16. Bxd4 dxe5 17. Bxe5 Bxe5 18. fxe5 Qc7 19. e6 fxe6 20. Qe4 Kf7 21. Rxd7 Qxd7 22. Rf1+ Kg7 23. Nh5+ gxh5 24. gxh5 Qe8 25. Rg1+ Kf8 26. Qg2 Qf7 27. Rf1 Rh7 28. Rxf7+ Rxf7 29. c3 Rc5 30. Kc2 Rxh5 31. b4 b5 32. Kb3 Rff5 33. a4 bxa4+ 34. Kxa4 a5 35. Qa8+ Kf7 36. bxa5 Rxa5+ 37. Qxa5 Rxa5+ 38. Kxa5 e5 39. Kb5 e4 40. Kc4 e5 41. Kb3 h5 42. Kc2 Ke6 43. Kd2 h4 44. h3 Kd6 45. Ke3 Kd5 46. Ke2 Kc4 47. Ke3 Kxc3 48. Kxe4 Kc4 49. Kxe5 Kc5 50. Kf5 Kd6 51. Kg4 Ke6 52. Kxh4 Kf7 1/2-1/2

[Event "NCA-chT"]
[Site "Managua"]
[Date "2015.11.15"]
[Round "2.1"]
[White "Carranza Narvaez, Sergio Ivan"]
[Black "Pilarte, Rene"]
[Result "0-1"]
[WhiteElo "2014"]
[BlackElo "2189"]
[PlyCount "136"]
[EventDate "2015.11.14"]
[EventType "team-tourn"]
[EventRounds "9"]
[EventCountry "NCA"]
[SourceTitle "EXT 2018"]
[Source "ChessBase"]
[SourceDate "2017.10.13"]
[SourceVersion "1"]
[SourceVersionDate "2017.10.13"]
[SourceQuality "1"]
[WhiteTeam "Bravos Farem Carazo"]
[BlackTeam "Academia Julio Ramirez"]
[WhiteTeamCountry "NCA"]
[BlackTeamCountry "NCA"]

1. Nf3 Nf6 2. b3 g6 3. Bb2 Bg7 4. e3 c5 5. Be2 0-0 6. 0-0 Nc6 7. c4 e6 8. d4 cxd4 9. exd4 d5 10. Nbd2 b6 11. Rc1 Bb7 12. Re1 Ne4 13. cxd5 exd5 14. Bb5 Qd6 15. Bxc6 Bxc6 16. Ne5 Bb7 17. Nxe4 dxe4 18. Qe2 Bh6 19. Rcd1 Bd5 20. Ng4 Bg7 21. Ne3 f5 22. Qb5 Rfd8 23. Nc4 Qd7 24. Qxd7 Rxd7 25. Ne3 Rad8 26. Re2 b5 27. g4 Be6 28. Nc2 fxg4 29. Rxe4 Bf5 30. Re2 g3 31. f3 gxh2+ 32. Kxh2 a5 33. Kg3 Kf7 34. Red2 h5 35. Ne3 Bh6 36. f4 Re8 37. Nxf5 gxf5 38. d5 Re3+ 39. Kf2 Bxf4 40. Rd4 Re4 41. R4d3 h4 42. Bc1 Bg3+ 43. Kf3 Bd6 44. Rh1 Rc7 45. Bg5 Bg3 46. Rhd1 Rc2 47. R1d2 Rxd2 48. Rxd2 Bd6 49. Rc2 h3 50. Rc1 Rg4 51. Be3 h2 52. Rh1 Kf6 53. Bf2 a4 54. Rd1 axb3 55. axb3 Rb4 56. Kg2 Rxb3 57. Re1 Bf4 58. Bd4+ Kg5 59. Rd1 Kg4 60. Bc5 Rb2+ 61. Kh1 Rc2 62. Be7 Rd2 63. Rxd2 Bxd2 64. Kxh2 b4 65. d6 b3 66. d7 Ba5 67. Bf6 Kf3 68. Be5 f4 0-1